000 00323nam a22001457a 4500
003 OSt
005 20211221151037.0
008 211221b |||||||| |||| 00| 0 eng d
040 _cHu
082 _a001.64/SIN
100 _aSingle
_923980
245 _aSingle Chip Microcomputers
260 _c1984
942 _2ddc
_cBOOKS
_n0
999 _c23216
_d23216